| 000 | 00000nam 2200000zi 4500 |
| 001 | 9.912710 |
| 003 | CaOODSP |
| 005 | 20240228150755 |
| 006 | m o d f |
| 007 | cr cn||||||||| |
| 008 | 220624t20222022qucad o f000 0 fre d |
| 020 | |a9780660442204 |
| 040 | |aCaOODSP|bfre|erda|cCaOODSP |
| 043 | |an-cn--- |
| 086 | 1 |aEm20-148/2022F-PDF |
| 245 | 00|aRecherche sur l'expérience client des subventions et contributions (année 2). |
| 264 | 1|a[Gatineau, Québec] : |bEmploi et développement social Canada = Employment and Social Development Canada, |c2022. |
| 264 | 4|c©2022 |
| 300 | |a1 ressource en ligne (190 pages) : |billustrations, graphiques + |e1 sommaire (28 pages) + 1 méthodologie détaillée (44 pages) |
| 336 | |atexte|btxt|2rdacontent/fre |
| 337 | |ainformatique|bc|2rdamedia/fre |
| 338 | |aressource en ligne|bcr|2rdacarrier/fre |
| 500 | |aTitre de la couverture. |
| 500 | |aEn tête du titre : Service Canada. |
| 500 | |a« POR no 060-21 ». |
| 500 | |a« 1er juin 2022. » |
| 500 | |a« Numéro de contrat : G9292-229941/001/CY ». |
| 500 | |a« Fournisseur : Ipsos Limited Partnership ». |
| 500 | |aPublié aussi en anglais sous le titre : Grants and contributions applicants client experience research (year 2). |
| 520 | |a« Il s’agit de la deuxième année du programme de recherche sur l’expérience client de la DGOP (AF 2021-2022). La deuxième année s’appuie sur la première année de recherche en continuant à utiliser une approche systématique pour mesurer l’expérience client dans la prestation de services de subventions et de contributions et en permettant au ministère de suivre le processus en fonction des indicateurs de l’expérience client au fil du temps » -- Contexte : Recherche sur l'expérience client des subventions et des contributions, page 16. |
| 610 | 16|aCanada. |bService Canada|xService à la clientèle|xOpinion publique. |
| 650 | 6|aSubventions|zCanada. |
| 650 | 6|aOpinion publique|zCanada. |
| 710 | 1 |aCanada. |bEmploi et développement social Canada, |eorganisme de publication. |
| 710 | 2 |aIpsos (Firme), |eexpert-conseil. |
| 775 | 08|tGrants and contributions applicants client experience research (year 2).|w(CaOODSP)9.912709 |
| 794 | |tRecherche sur l'expérience client des subventions et contributions (année 3).|w(CaOODSP)9.926563 |
| 795 | |tRecherche de 2020 sur l'expérience client des subventions et contributions.|w(CaOODSP)9.897582 |
| 856 | 40|qPDF|s12.31 Mo|uhttps://publications.gc.ca/collections/collection_2022/edsc-esdc/Em20-148-2022-fra.pdf|zRapport |
| 856 | 40|qPDF|s1.09 Mo|uhttps://publications.gc.ca/collections/collection_2022/edsc-esdc/Em20-148-2022-1-fra.pdf|zSommaire |
| 856 | 40|qPDF|s845 Ko|uhttps://publications.gc.ca/collections/collection_2022/edsc-esdc/Em20-148-2022-2-fra.pdf|zMéthodologie détaillée |